Catálogo

PRELECCIONES DE METAFISICA FUNDAMENTAL (Registro nro. 54614)

Detalles MARC
000 -LEADER
fixed length control field 00745nam a2200193 a 4500
001 - CONTROL NUMBER
control field 54614
005 - DATE AND TIME OF LATEST TRANSACTION
control field 20180714045536.0
008 - FIXED-LENGTH DATA ELEMENTS--GENERAL INFORMATION
fixed length control field 140415s2009 sp 000 0 spa d
020 ## - INTERNATIONAL STANDARD BOOK NUMBER
International Standard Book Number 9788422014034
041 ## - LANGUAGE CODE
Language code of text/sound track or separate title spa
082 ## - DEWEY DECIMAL CLASSIFICATION NUMBER
Classification number 110
Item number VAL
100 1# - MAIN ENTRY--PERSONAL NAME
Personal name VALVERDE MUCIENTES, CARLOS
245 10 - TITLE STATEMENT
Title PRELECCIONES DE METAFISICA FUNDAMENTAL
250 ## - EDITION STATEMENT
Edition statement 1a ed.
260 ## - PUBLICATION, DISTRIBUTION, ETC.
Place of publication, distribution, etc. ESPAÑA :
Name of publisher, distributor, etc. EUNSA,
Date of publication, distribution, etc. 2009
300 ## - PHYSICAL DESCRIPTION
Extent 1079
Dimensions 13.5 x 6 x 20
520 ## - SUMMARY, ETC.
Summary, etc. ESTA OBRA OFRECE UN PANORAMA COMPLETO DE LOS PROBLEMAS FUNDAMENTALES DE LA METAFISICA, BIEN PRESENTADO, ORDENADO Y ESTRUCTURADO, CONCEDIENDO A CADA TEMA SU PROPIA CATEGORIA DENTRO DE LA ESCALA DE IMPORTANCIA QUE HOY DIA LE CORRESPONDE
650 14 - SUBJECT ADDED ENTRY--TOPICAL TERM
Topical term or geographic name entry element FILOSOFIA MODERNA
General subdivision METAFISICA
Existencias
Withdrawn status Lost status Source of classification or shelving scheme Damaged status Not for loan Collection code Home library Current library Shelving location Date acquired Source of acquisition Inventory number Total Checkouts Full call number Barcode Date last seen Price effective from Koha item type
    Dewey Decimal Classification     General Centro de Estudios en Ciencia y Religión Centro de Estudios en Ciencia y Religión Sala general 03/12/2013 Compra 151000000000000000078169   110 VAL 81814 05/01/2026 20/11/2015 Libro